000 00451nam a2200157Ia 4500
008 240729s9999 xx 000 0 und d
245 0 _aCanadian Journal of Infectious Diseases
260 _aUnited Kingdom
260 _bHindawi Limited
650 _a Infectious and parasitic diseases
650 _a Internal medicine
650 _aMedicine
856 _uhttps://doaj.org/toc/860d0130f55e4e39a949651426c2c224
942 _2ddc
942 _cDOAJEJ
999 _c71413
_d71413
945 _a1
_bMadushi Gamage
_c1
_dMadushi Gamage